书目信息 |
| 题名: |
主要农作物病虫草鼠害综合防治技术
|
|
| 作者: | 诸丽华 编 | |
| 分册: | ||
| 出版信息: | 北京 化学工业出版社 1998.04 |
|
| 页数: | 215页 | |
| 开本: | 32开 | |
| 丛书名: | ||
| 单 册: | ||
| 中图分类: | S435 | |
| 科图分类: | ||
| 主题词: | 植物--病虫害 , 植物--病虫害防治方法 | |
| 电子资源: | ||
| ISBN: | 7-5025-2108-9 | |
| 000 | 00643nam0 2200205 45 | |
| 001 | 0011211843 | |
| 005 | 20001121185157.6 | |
| 010 | @a7-5025-2108-9@d10.00元 | |
| 100 | @a20001121d1998 km y0chiy0120 ea | |
| 101 | 0 | @achi |
| 105 | @a z 000yy | |
| 200 | 1 | @a主要农作物病虫草鼠害综合防治技术@AZhu Yao Nong Zuo Wu Bing Chong Cao Shu Hai Zong He Fang Zhi Ji Shu@f诸丽华等编@FZhu Li Hua Deng Bian |
| 210 | @a北京@c化学工业出版社@d1998.04 | |
| 215 | @a215页@d32开 | |
| 606 | 0 | @a植物@x病虫害 |
| 606 | 0 | @a植物@x病虫害防治方法 |
| 690 | @aS435@v3 | |
| 701 | 0 | @a诸丽华@4编 |
| 801 | @aCN@bPftUser@c20001121 | |
| 905 | @b419196-198@dS435@eZH323@f3 | |
| 主要农作物病虫草鼠害综合防治技术/诸丽华等编.-北京:化学工业出版社,1998.04 |
| 215页;32开 |
| ISBN 7-5025-2108-9:10.00元 |
| ● |
| 相关链接 |
|
|
|
正题名:主要农作物病虫草鼠害综合防治技术
索取号:S435/ZH323
 
预约/预借
| 序号 | 登录号 | 条形码 | 馆藏地/架位号 | 状态 | 备注 |
| 1 | 419196 | 204191962 | 自科库401/401自科库 67排3列2层/ [索取号:S435/ZH323] | 在馆 | |
| 2 | 419197 | 204191971 | 自科库401/401自科库 67排3列2层/ [索取号:S435/ZH323] | 在馆 | |
| 3 | 419198 | 204191980 | 自科库401/401自科库 67排3列2层/ [索取号:S435/ZH323] | 在馆 |